000 00672cam a2200205 4500500
005 20260111080505.0
041 _afre
042 _adc
100 1 0 _aGourbier, Léonard
_eauthor
700 1 0 _aMoysan, Émilie
_eauthor
245 0 0 _aParticipation citoyenne et budgets locaux
260 _c2022.
500 _a78
690 _abudget participatif
690 _adémocratie locale
690 _afinances locales
690 _aprincipe budgétaire
786 0 _nGestion & Finances Publiques | 6 | 6 | 2022-12-20 | p. 25-29 | 1969-1009
856 4 1 _uhttps://droit.cairn.info/revue-gestion-et-finances-publiques-2022-6-page-25?lang=fr&redirect-ssocas=7080
999 _c1616370
_d1616370